Vista normal
Vista MARC
Entrada Topical Term
Número de registros utilizados en: 7
001 - CONTROL NUMBER
- control field: 8986
003 - CONTROL NUMBER IDENTIFIER
- control field: OSt
005 - DATE AND TIME OF LATEST TRANSACTION
- control field: 20230915225933.0
008 - FIXED-LENGTH DATA ELEMENTS
- fixed length control field: 230915|| aca||aabn | a|a d
040 ## - CATALOGING SOURCE
- Original cataloging agency: OSt
- Transcribing agency: OSt
150 ## - HEADING--TOPICAL TERM
- Topical term or geographic name entry element: CUENTOS ITALIANOS
670 ## - SOURCE DATA FOUND
- Source citation: Work cat.: (OSt)8822: Rodari, Gianni 1920 - 1980 1495, Atalanta, 1998